<?xml version="1.0" encoding="UTF-8"?>
<record
    xmlns:xsi="http://www.w3.org/2001/XMLSchema-instance"
    xsi:schemaLocation="http://www.loc.gov/MARC21/slim http://www.loc.gov/standards/marcxml/schema/MARC21slim.xsd"
    xmlns="http://www.loc.gov/MARC21/slim">

  <leader>00732nam a2200205 a 4500</leader>
  <datafield tag="999" ind1=" " ind2=" ">
    <subfield code="c">20128</subfield>
    <subfield code="d">20128</subfield>
  </datafield>
  <controlfield tag="005">20180322160857.0</controlfield>
  <controlfield tag="008">171128|        ck abdofr|||| 00| 0 spa d</controlfield>
  <datafield tag="040" ind1=" " ind2=" ">
    <subfield code="a">CO-BoIAVH </subfield>
    <subfield code="c">CO-BoIAVH </subfield>
  </datafield>
  <datafield tag="041" ind1=" " ind2=" ">
    <subfield code="a">spa</subfield>
  </datafield>
  <datafield tag="044" ind1=" " ind2=" ">
    <subfield code="a">ck</subfield>
  </datafield>
  <datafield tag="090" ind1=" " ind2=" ">
    <subfield code="a">FG-</subfield>
    <subfield code="b">0271</subfield>
  </datafield>
  <datafield tag="110" ind1="2" ind2=" ">
    <subfield code="a">Colombia. </subfield>
    <subfield code="b">Contralor&#xED;a General del Risaralda</subfield>
  </datafield>
  <datafield tag="245" ind1="1" ind2=" ">
    <subfield code="a">Agenda ambiental Quinch&#xED;a</subfield>
  </datafield>
  <datafield tag="260" ind1=" " ind2=" ">
    <subfield code="a">Risaralda :</subfield>
    <subfield code="b">Contralor&#xED;a General del Risaralda: </subfield>
    <subfield code="b">Carder, </subfield>
    <subfield code="c">2012.</subfield>
  </datafield>
  <datafield tag="300" ind1=" " ind2=" ">
    <subfield code="a">40 p&#xE1;ginas, </subfield>
    <subfield code="b">ilustraciones, mapas, gr&#xE1;ficas, fotograf&#xED;as. </subfield>
    <subfield code="c">27 x 21 cm.</subfield>
  </datafield>
  <datafield tag="650" ind1="2" ind2="6">
    <subfield code="a">Medio Ambiente</subfield>
    <subfield code="v"> informes</subfield>
    <subfield code="z"> Colombia</subfield>
  </datafield>
  <datafield tag="650" ind1="2" ind2="6">
    <subfield code="a">Informes de gesti&#xF3;n</subfield>
  </datafield>
  <datafield tag="650" ind1="2" ind2="6">
    <subfield code="a">Reservas naturales</subfield>
    <subfield code="z">Bel&#xE9;n de Umbr&#xED;a </subfield>
    <subfield code="z">Colombia</subfield>
  </datafield>
  <datafield tag="942" ind1=" " ind2=" ">
    <subfield code="2">z</subfield>
    <subfield code="c">Folleto</subfield>
  </datafield>
  <datafield tag="952" ind1=" " ind2=" ">
    <subfield code="0">0</subfield>
    <subfield code="1">0</subfield>
    <subfield code="2">z</subfield>
    <subfield code="4">0</subfield>
    <subfield code="7">0</subfield>
    <subfield code="8">HEMEROTECA</subfield>
    <subfield code="a">Bogota</subfield>
    <subfield code="b">Bogota</subfield>
    <subfield code="d">2018-03-22</subfield>
    <subfield code="l">0</subfield>
    <subfield code="o">FG-0271</subfield>
    <subfield code="p">025651</subfield>
    <subfield code="r">2018-03-22 00:00:00</subfield>
    <subfield code="t">Ej. 1</subfield>
    <subfield code="w">2018-03-22</subfield>
    <subfield code="x">Canje</subfield>
    <subfield code="y">Folleto</subfield>
  </datafield>
</record>
